Çatışmanın anatomisi : (Record no. 13195)

MARC details
000 -BAŞLIK
Sabit Uzunlukta Kontrol Alanı 01071nam a2200265 4500
999 ## - SİSTEM KONTROL NUMARALARI (KOHA)
Koha Biblionumber 13195
Koha Biblioitemnumber 13195
003 - KONTROL NUMARASI IDENTIFIER
Denetim Alanı MIRAKIL
005 - SON İŞLEM TARİHİ VE ZAMANI
Denetim Alanı 20211214000614.0
008 - SABİT-BOY VERİ ELEMANLARI - GENEL BİLGİLER
Sabit Uzunlukta Kontrol Alanı 190425b tu ||||| |||| 00| 0 tur d
020 ## - ULUSLARARASI STANDART KİTAP NUMARASI
Uluslararası Standart Kitap Numarası 9786058926639
040 ## - KATALOGLAMA KAYNAK
Orijinal Kataloglama Ajansı TR-AnCHP
Metne Dönüştürmek Ajansı TR-AnCHP
041 ## - DİL KODU
Metin / Ses Parça Veya Ayrı Başlığın Dil Kodu tur
082 ## - DEWEY ONLU SINIFLANDIRMA NUMARASI
Sınıflandırma Numarası 320.9561
Ürün Numarası B86ç 2014
100 ## - ANA GİRİŞ - KİŞİSEL İSİM
Kişisel Ad Bursalı, Orhan
245 10 - BAŞLIK TABLOSU
Başlık Çatışmanın anatomisi :
Başlığın Kalan cemaat'in üç büyük iktidar hamlesi, şike, MİT, yolsuzluk ve bir dönemin sonu /
Sorumluluk Tablosu, Vb Orhan Bursalı .
246 ## - UNVAN FORM VARYING
Başlık Doğru / Kısa Başlığı cemaat'in üç büyük iktidar hamlesi, şike, MİT, yolsuzluk ve bir dönemin sonu /
260 ## - YAYIN, DAĞITIM, VB
Yayın, Dağıtım, Vb Yeri İstanbul :
Yayıncı, Dağıtıcı, Vs Adı Kırmızı kedi yayınevi ,
Yayın, Dağıtım, Vb Tarihi 2014.
300 ## - FİZİKSEL TANIM
Kapsam 337 s.:
Boyutlar 20 sm.
490 0# - SERİSİ TABLOSU
Seri Beyanı Kırmızı kedi yayınevi ;
-- Güncel ;
Hacim / Ardışık Tanımı 383.
-- 20.
500 ## - GENEL NOT
Genel Not Yapıt yazarından imzalıdır.
650 #0 - KONU KATMA GİRİŞ - TOPİKAL DÖNEM
Topikal Süreli Veya Coğrafi Ad Giriş Elemanı Siyaset ve yönetim
Genel Alt Bölümü Türkiye
9 (RLIN) 9
650 #0 - KONU KATMA GİRİŞ - TOPİKAL DÖNEM
Topikal Süreli Veya Coğrafi Ad Giriş Elemanı Siyaset ve yönetim
Genel Alt Bölümü Türkiye
Coğrafi Alt Bölümü Türkiye
9 (RLIN) 9
650 #0 - KONU KATMA GİRİŞ - TOPİKAL DÖNEM
9 (RLIN) 462
Topikal Süreli Veya Coğrafi Ad Giriş Elemanı Gülen Cemaati
Genel Alt Bölümü İşlenen suçlar
Coğrafi Alt Bölümü Türkiye
740 ## - KATMA GİRİŞ - KONTROLSUZ İLGİLİ / ANALİTİK BAŞLIK
Kontrol Edilmeyen / İlgili Analitik Başlıktaki cemaat'in üç büyük iktidar hamlesi, şike, MİT, yolsuzluk ve bir dönemin sonu /
942 ## - EKLENDİ GİRİŞ ELEMANLARI (KOHA)
Sınıflandırma Veya Raf Düzeni Kaynak Dewey Decimal Classification
Koha Öğesi Türü Books
Holdings
Kalıcı Konum Mevcut Konum Edinme Tarihi Toplam Check-Out'Lar Tam Çağrı Numarası Barkod Tarih Son Görülme İtibaren Geçerli Fiyatlar Koha Öğesi Türü
CHP Kütüphanesi CHP Kütüphanesi 04/25/2019   320.9561 B86ç 2014 017005 04/25/2019 04/25/2019 Books